| 000 | 00000nam 2200000zi 4500 |
| 001 | 9.936061 |
| 003 | CaOODSP |
| 005 | 20250403110750 |
| 006 | m o d f |
| 007 | cr cn||||||||| |
| 008 | 240327t20242024onca o s f000 0 fre d |
| 020 | |a9780660710402 |
| 040 | |aCaOODSP|bfre|erda|cCaOODSP |
| 043 | |an-cn--- |
| 086 | 1 |aCS11-627/2024-17F-PDF |
| 245 | 03|aLe stress, la consommation d'alcool et les comportements positifs liés à la santé au sein du personnel de la santé pendant la pandémie de COVID-19. |
| 264 | 1|a[Ottawa] : |bStatistique Canada = Statistics Canada, |c[2024] |
| 264 | 4|c©2024 |
| 300 | |a1 ressource en ligne (1 page non numérotée) : |billustrations en couleur |
| 336 | |atexte|btxt|2rdacontent/fre |
| 337 | |ainformatique|bc|2rdamedia/fre |
| 338 | |aressource en ligne|bcr|2rdacarrier/fre |
| 500 | |aTitre de départ. |
| 500 | |a« Numéro au catalogue : 11-627-M. » |
| 500 | |aPublié aussi en anglais sous le titre : Health care workers' stress, alcohol consumption and positive health behaviours during the COVID-19 pandemic. |
| 520 | |a« En 2021, pendant la pandémie de COVID-19, la majorité du personnel des soins de santé au Canada (95 %) a déclaré avoir subi au moins un facteur de stress au travail » -- Page [1]. |
| 650 | 6|aPersonnel médical|xAspect sanitaire|zCanada|vStatistiques. |
| 650 | 6|aCOVID-19|zCanada|xAspect psychologique|vStatistiques. |
| 655 | 7|aStatistiques|2rvmgf |
| 710 | 2 |aStatistique Canada, |eorganisme de publication. |
| 775 | 08|tHealth care workers' stress, alcohol consumption and positive health behaviours during the COVID-19 pandemic.|w(CaOODSP)9.936060 |
| 856 | 40|qPDF|s329 Ko|uhttps://publications.gc.ca/collections/collection_2024/statcan/11-627-m/11-627-m2024017-fra.pdf |
| 856 | 4 |qHTML|sS.O.|uhttps://www150.statcan.gc.ca/n1/pub/11-627-m/11-627-m2024017-fra.htm |